Die Vernichtung der Juden im Konzentrationslager Majdanek
| Titel: | Die Vernichtung der Juden im Konzentrationslager Majdanek / Tomasz Kranz. [Übers.: Christhardt Henschel]. Państwowe Muzeum na Majdanku, Lublin |
|---|---|
| Verfasser: | |
| Veröffentlicht: | Lublin : Państwowe Muzeum na Majdanku, 2007 |
| Umfang: | 87, 40 S. : Ill. ; 24 cm |
| Format: | Buch |
| Sprache: | Deutsch |
| RVK-Notation: | |
| ISBN: | 9788392518716 ; 8392518713 |
| Hinweise zum Inhalt: |
Inhaltsverzeichnis
|
alg: 19572421 001A $06000:13-03-08 001B $01999:03-06-23 $t03:05:03.000 001C $03004:02-06-08 $t12:02:01.000 001D $03004:02-06-08 001U $0utf8 001X $00 002@ $0Aau 003@ $0195724216 003O $0192137716 $aOCoLC 004A $A978-83-92518-71-6 $f kart. 004A $083-92518-71-3 $f kart. 006G $0987699164 006U $008,B12,0495 $f20080226 007A $0987699164 $aDNB 007G $0DE0203EAEC2A3F610F122C1257A5B0040DF1F 007T $0Herdhh195724216 009P $qapplication/pdf $A2 $3Inhaltsverzeichnis $uhttp://scans.hebis.de/HEBCGI/show.pl?19572421_toc.pdf $mV:DE-603;B:DE-Mb50 010@ $ager 011@ $a2007 $n2007 015@ $00 017A $asf 021A $aDie @Vernichtung der Juden im Konzentrationslager Majdanek $hTomasz Kranz. [Übers.: Christhardt Henschel]. Państwowe Muzeum na Majdanku, Lublin 027A/01 $aZagłada Żydów w obozie koncentracyjnym na Majdanku 028A $7115384154 $8Kranz, Tomasz$Z1960- [Tp1] $9149599145 033A $pLublin $nPaństwowe Muzeum na Majdanku 034D $a87, 40 S. 034I $a24 cm 034M $aIll. 037A $aLiteraturverz. S. 82 - [88] 039U $8--Aox--Friedrich, Klaus-Peter$Z1960- [Tp3]. Kranz, Tomasz, 1960-. Die @Vernichtung der Juden im Konzentrationslager Majdanek. - Lublin : Państwowe Muzeum na Majdanku. - 2007 [Rezension], 2011 $9394808398 041A $#KZ Majdanek $#obóz koncentracyjny Majdanek $74268005-0 $8Konzentrationslager Majdanek [Tb1] $9086433342 045E $c940 045F $a940.531853843 $eDDC22ger 045F/01 $a940.53185 045F/03 $g43843 045G $a900.94380904 $eDDC23BSB 045G/01 $a900 045G/03 $f0904 045G/03 $f09043 045G/03 $f09044 045G/03 $g438 045G/03 $g43 045H $a909.0492409438 $eDDC23BSB 045H/01 $a909.04924 045H/03 $g438 045R $aGeschichte 045Z $8NQ 2360 [Tkv] $9410912263 lok: 19572421 3 101B $013-08-08 $t14:28:53.000 101C $031-07-08 101U $0utf8 144Z/20 $aj08aug 145S/06 $a770 145Z/01 $a900 T 100 De 5267 Majdanek exp: 19572421 3 1 #EPN 201B/01 $031-07-08 $t17:24:50.000 201C/01 $001-04-08 201U/01 $0utf8 203@/01 $0541787691 208@/01 $a31-07-08 $bzAa 209A/01 $a88.585.92 $du $f000 $h88 585 92 $x00 209G/01 $a88585925 $x00 247C/01 $8601000-3 <30>Frankfurt, Universitätsbibliothek J. C. Senckenberg, Zentralbibliothek (ZB) $9102598258 lok: 19572421 24 101B $011-06-08 $t10:52:27.000 101C $011-06-08 101U $0utf8 145Z/01 $a36 7 Nk 145Z/02 $a36 3 F 145Z/03 $a3 7 Nk 145Z/04 $a32 3 F 145Z/05 $a36 7 N 145Z/06 $a36 8 M 31 exp: 19572421 24 1 #EPN 201B/01 $011-06-08 $t10:52:27.000 201C/01 $026-03-08 201U/01 $0utf8 203@/01 $0541528661 208@/01 $a11-06-08 $bz 209A/01 $a08.2422 $du $f050 $h08 2422 $x00 209C/01 $a08.2422 K $h08 2422 K 209G/01 $a72131703 $x00 220C/01 $agro 247C/01 $8358050-7Marburg, Bibliothek des Herder-Instituts Marburg $9102600961 lok: 19572421 78 exp: 19572421 78 1 #EPN 201B/01 $008-11-17 $t21:46:45.000 201U/01 $0utf8 203@/01 $0794521339 208@/01 $a12-11-16 $be 209A/01 $a/ $f000 $x00 220C/01 $aTitelaufnehmer: kk 237A/01 $aweiterführende Signatur(en): Herder-Institut: 08.2422 244Z/01 $2Trx $#Poola $#Lenkija $#Polija $#Polen Land $#Poland $#Lengyelország $#Poľsko $#Polsko $8--Trx--Polska$gkraj $x01 $9391345966 244Z/01 $#KZ Majdanek $#obóz koncentracyjny Majdanek $74268005-0 $8--Tb1--Konzentrationslager Majdanek $x02 $9086433342 244Z/01 $2Trx $#kontsetratsioonilaagrid 1933-1945 $#koncentracijos stovyklos 1933-1945 $#concentration camps 1933-1945 $#koncentrációs táborok 1933-1945 $#obozy koncentracyjne 1933-1945 $#tábory koncentračné 1933-1945 $#tábory koncentrační 1933-1945 $#Vernichtungslager $#obozy zagłady $#tábory vyhladzovacie $8--Trx--Konzentrationslager$g1933-1945 $x03 $9391374737 244Z/01 $2Trx $#Holokaust 1941-1945 $#Holokaustas 1941-1945 $#Holocaust 1941-1945 $#holocaust 1941-1945 $#holokaust 1941-1945 $#holokaust 1941-1945 $#holokaust 1941-1945 $#Shoah $#Judenvernichtung $#shoah $#shoah $#šoa $8--Trx--Holocaust$g1941-1945 $x04 $9391361090 244Z/01 $2Trx $#juudid $#žydai $#Jews $#zsidók $#Żydzi $#Židia $#Židé $#Minderheit, jüdische $#Litvaken $#mniejszość żydowska $#menšina židovská $#menšina židovská $8--Trx--Juden $x05 $9391371312 244Z/01 $2Trx $8--Trx--Monographie $x06 $9391384546 245Z/01 $a13.03 $x01 245Z/01 $a08.04.09 $x02 247C/01 $82080>Marburg/Lahn, Herder-Institut, Forschungsbibliothek, Bibliographieportal $9336309341
| LEADER | 00000cam a2200000 c 4500 | ||
|---|---|---|---|
| 001 | 195724216 | ||
| 003 | DE-603 | ||
| 005 | 20230603030503.0 | ||
| 007 | tu | ||
| 008 | 080313s2007 xx |||| | u00||u|ger | ||
| 015 | |a 08,B12,0495 |2 dnb | ||
| 016 | 7 | |2 DE-101 |a 987699164 | |
| 020 | |a 9788392518716 |c kart. | ||
| 020 | |a 8392518713 |c kart. | ||
| 035 | |a (DE-599)DNB987699164 | ||
| 035 | |a (OCoLC)192137716 | ||
| 040 | |a DE-603 |b ger |c DE-603 |d DE-603 | ||
| 041 | |a ger | ||
| 082 | 0 | 4 | |8 1\u |a 940.531853843 |q DE-101 |2 22/ger |
| 083 | 0 | |8 2\u |a 900.94380904 |q DE-101 |2 23/BSB | |
| 083 | 0 | |8 3\u |a 909.0492409438 |q DE-101 |2 23/BSB | |
| 084 | |a 940 |q DE-101 |2 sdnb | ||
| 084 | |a NQ 2360 |0 (DE-625)128255: |0 (DE-603)410912263 |2 rvk | ||
| 085 | |8 1\u |b 940.53185 | ||
| 085 | |8 1\u |z 2 |s 43843 | ||
| 085 | |8 2\u |b 900 | ||
| 085 | |8 2\u |z 1 |s 0904 | ||
| 085 | |8 2\u |z 1 |s 09043 | ||
| 085 | |8 2\u |z 1 |s 09044 | ||
| 085 | |8 2\u |z 2 |s 438 | ||
| 085 | |8 2\u |z 2 |s 43 | ||
| 085 | |8 3\u |b 909.04924 | ||
| 085 | |8 3\u |z 2 |s 438 | ||
| 090 | |a b | ||
| 100 | 1 | |a Kranz, Tomasz |d 1960- |0 (DE-603)149599145 |0 (DE-588)115384154 |2 gnd | |
| 245 | 0 | 0 | |a Die Vernichtung der Juden im Konzentrationslager Majdanek |c Tomasz Kranz. [Übers.: Christhardt Henschel]. Państwowe Muzeum na Majdanku, Lublin |
| 246 | 1 | 3 | |a Zagłada Żydów w obozie koncentracyjnym na Majdanku |
| 264 | 1 | |a Lublin |b Państwowe Muzeum na Majdanku |c 2007 | |
| 300 | |a 87, 40 S. |b Ill. |c 24 cm | ||
| 500 | |a Literaturverz. S. 82 - [88] | ||
| 610 | 1 | 7 | |a Konzentrationslager Majdanek |2 gnd |0 (DE-588)4268005-0 |0 (DE-603)086433342 |
| 648 | 7 | |a Geschichte |2 gnd | |
| 787 | 0 | 8 | |i Rezensiert in |a Friedrich, Klaus-Peter, 1960- |t Kranz, Tomasz, 1960-. Die Vernichtung der Juden im Konzentrationslager Majdanek. - Lublin : Państwowe Muzeum na Majdanku. - 2007 [Rezension] |w (DE-603)394808398 |
| 856 | 4 | 2 | |m V:DE-603;B:DE-Mb50 |q application/pdf |u http://scans.hebis.de/HEBCGI/show.pl?19572421_toc.pdf |3 Inhaltsverzeichnis |
| 924 | 0 | |9 30 |a (DE-603)541787691 |b DE-30 |c HES |d c |g 88.585.92 | |
| 924 | 0 | |9 Mb 50 |a (DE-603)541528661 |b DE-Mb50 |c HES |d c |g 08.2422 | |
| 924 | 0 | |9 2080 |a (DE-603)794521339 |b DE-2080 |c HES |d d |g / | |


